Score 0/23 Timer 03:00
0 Plays Today
Song Missing Word % Correct
____, Quando, QuandoQuando
86.9%
____ HotelHeartbreak
83%
Va Va ____Voom
77.9%
Tik ___Tok
77.8%
Free ____Fallin'
73.8%
____ MondayManic
69.6%
White ____Wedding
64.6%
Goodness ____Gracious
63.9%
Chasing ____Cars
62.3%
Rockin' ____Robin
61.5%
____ OneOnly
56.9%
_____ AgainAlone
55%
Song Missing Word % Correct
____ KissKiss
51.5%
Dirty ____Diana
49.8%
Say ____Something
46.6%
___ YakYakety
46.4%
Paper ____Planes
43.5%
I'm ____In
37.4%
____ BopBlitzkrieg
33.9%
Little ____Lies
29.2%
Jumpin' ____Jumpin'
22.7%
____ EyesEbony
13.7%
No ____News
6.8%

Today's Daily Dose

Word Ladder
Day Counter

Quick Pick
Famous Asians

Get the Picture
Harry Potter Events II

You're not logged in!

Compare scores with friends on all Sporcle quizzes.
OR
Log In

Sporcle TV

Today on Sporcle TV


Watch our educational content, quiz creation guides, and fun videos on Sporcle TV.

Show Comments

Extras

Top Quizzes Today


Score Distribution

Paid Content

Your Account Isn't Verified!

In order to create a playlist on Sporcle, you need to verify the email address you used during registration. Go to your Sporcle Settings to finish the process.

Report this User

Report this user for behavior that violates our Community Guidelines.

Details: